K metodológii sociálnych vied
Guardado en:
| Autor principal: | |
|---|---|
| Formato: | Libro |
| Lenguaje: | eslovaco |
| Publicado: |
Bratislava
Pravda
1983
|
| Colección: | Filozofické odkazy
|
| Etiquetas: |
Sin Etiquetas, Sea el primero en etiquetar este registro!
|
MARC
| LEADER | 00000nam a2200000 4500 | ||
|---|---|---|---|
| 001 | c111637 | ||
| 005 | 20190204130857.6 | ||
| 041 | 0 | |a slo | |
| 044 | |a SK | ||
| 245 | 1 | 0 | |a K metodológii sociálnych vied |c Max Weber |
| 264 | 1 | |a Bratislava |b Pravda |c 1983 | |
| 300 | |a 408 s. | ||
| 490 | 1 | |a Filozofické odkazy | |
| 830 | 0 | |a Filozofické odkazy | |
| 100 | 1 | |a Weber, Max | |